Thi luật thơ lục bát trong Truyện Kiều

Lục bát Truyện Kiều từ góc nhìn thi học và thi luật. Thi vận - vần điệu thơ lục bát trong Truyện Kiều. Thi tiết - tiết điệu thơ lục bát trong Truyện Kiều. Thi điệu - nhip điệu thơ lục bát trong Truyện Kiều. Thi âm - kết hợp thanh âm trong Truyện Kiều....

全面介紹

Đã lưu trong:
書目詳細資料
主要作者: Lý Toàn Thắng
格式: 圖書
語言:Vietnamese
出版: H. Giáo dục 2015
主題:
標簽: 添加標簽
沒有標簽, 成為第一個標記此記錄!
Thư viện lưu trữ: Mạng thư viện Đại học Đà Nẵng
LEADER 01541nam a2200361 4500
001 000024086
003 20565
005 20161011101056.0
008 161005s2015 viesd
020 |a 9786040080219  |c 400000đ 
041 0 |a vie 
082 1 4 |a 895.92212  |b LY-T 
100 1 |a Lý Toàn Thắng 
245 1 0 |a Thi luật thơ lục bát trong Truyện Kiều  |c Lý Toàn Thắng 
260 |a H.  |b Giáo dục  |c 2015 
300 |a 1035 tr.  |b bảng  |c 24 cm. 
504 |a Thư mục tr. 407 - 416 
520 3 |a Lục bát Truyện Kiều từ góc nhìn thi học và thi luật. Thi vận - vần điệu thơ lục bát trong Truyện Kiều. Thi tiết - tiết điệu thơ lục bát trong Truyện Kiều. Thi điệu - nhip điệu thơ lục bát trong Truyện Kiều. Thi âm - kết hợp thanh âm trong Truyện Kiều. 
650 0 4 |a Thơ Việt Nam  |x Nghiên cứu  |x Truyện Kiều 
650 0 4 |a Thơ lục bát  |x Nghiên cứu  |x Truyện Kiều  |z Việt Nam 
653 |a Truyện Kiều 
653 |a Nghiên cứu văn học 
653 |a Thi pháp 
OWN |a LSP 
AVA |a UDN50  |b LSP  |d 895.92212 LY-T  |e available  |t Error 5001 Not defined in file expand_doc_bib_avail.  |f 4  |g 0  |h N  |i 0  |k 1 
999 |a From the UDN01 
AVA |a UDN50  |b LSP  |d 895.92212 LY-T  |e available  |t Error 5001 Not defined in file expand_doc_bib_avail.  |f 4  |g 0  |h N  |i 0  |k 1 
TYP |a Monograph 
TYP |a Printed language 
980 |a Mạng thư viện Đại học Đà Nẵng